Statistiche per Riconosci l'Anno dagli eventi - Quiz n°20

Clicka qui per fare il quiz!

Statistiche generali

  • Questo quiz è stato fatto 11 volte
  • Il punteggio medio è 7 su 10

Statistiche sulle risposte

IndizioRisposta% Corretto
A2 febbraio - Ultima visita di Maometto alla natìa Mecca per compiervi il "Pellegrinaggio dell'Addio".
100%
B8 giugno - Maometto muore a Medina all'età di 63 anni, dopo una malattia e una febbre.
82%
DDicembre - Battaglia della Yamama tra il Califfo Abu Bakr e il "falso profeta" Musaylima ibn Habib.
73%
CMetà di giugno - Guerra della ridda: il Califfo Abu Bakr inizia una serie di campagne militari contro le tribù arabe ribelli per ristabilire il potere del califfo e garantire l'eredità di Maometto.
73%
H16 giugno - Yazdegerd III, 8 anni, sale al trono come re (shah) dell'Impero persiano. Diventa l'ultimo sovrano della dinastia sassanide (l'Iran moderno).
64%
E8 aprile: il Re Cariberto II è assassinato a Blaye, su ordine del suo fratellastro Dagoberto I
64%
GParte della ribellione di Samo, Alcek guida 9.000 bulgari dalla Pannonia a rifugiarsi presso Dagoberto (che li massacra), poi, con 700 superstiti, si stabilisce presso i Wend, sotto la protezione di Walluc.
64%
FSettembre - Battaglia di Buzākha.
64%
IXuanzang, viaggiatore cinese, scrive di due enormi statue di Buddha scavate nel fianco di una montagna nella valle di Bamiyan (Afghanistan).
64%
Anno632
36%

Distribuzione punteggi

Percentile per numero di risposta

Percentuale di utenti per punteggio

I tuoi punteggi nel tempo

Non hai fatto questo quiz